[Event "Ch Slovakia (team) 1997/98 (1 liga) West"]
[Site "masterchessopen.com Slovakia"]
[Round "11"]
[White "Drtina Milan (SVK)"]
[Black "Malac Miroslav (SVK)"]
[Result "1-0"]
[WhiteElo "2290"]
[BlackElo "2153"]

1.e4 c5 2.c4 Nc6 3.Ne2 g6 4.d4 cxd4 5.Nxd4 Bg7 6.Nc2 Nf6 7.Nc3 O-O 8.Be2 d6
9.O-O a6 10.Be3 Bd7 11.g4 Rb8 12.a4 Be6 13.f4 Na5 14.Nd5 Bxd5 15.exd5 Nb3
16.Ra3 Nc5 17.b4 Ncd7 18.a5 Rc8 19.Bd4 Qc7 20.Ne3 e5 21.dxe6 fxe6 22.g5 Ne8
23.Bg4 e5 24.fxe5 Rd8 25.Nd5 Qxc4 26.Be6+ Kh8 27.Nf4 Qxf1+ 28.Qxf1 Bxe5
29.Nxg6+ Kg7 30.Nxf8 {#r} 1-0

[Event "It (w)"]
[Site "masterchessopen.com St. Petersburg (Russia)"]
[Round "6"]
[White "Koroljova Valerija (RUS)"]
[Black "Razuvajeva Juli (RUS)"]
[Result "0-1"]
[WhiteElo "2127"]
[BlackElo "2215"]

1.e4 c5 2.Nf3 Nc6 3.d4 cxd4 4.Nxd4 g6 5.c4 Bg7 6.Nc2 Nf6 7.Nc3 O-O 8.Be2 d6
9.Be3 Bd7 10.f3 Qc8 11.Rc1 Ne8 12.O-O b6 13.f4 Nc7 14.Bf3 Rb8 15.Kh1 Na6
16.Nd4 Nc5 17.Nd5 Re8 18.b4 Nb7 19.f5 Nbd8 20.Nxc6 Nxc6 21.Qd2 Ne5 22.fxg6
hxg6 23.Be2 Be6 24.c5 dxc5 25.bxc5 bxc5 26.Rxc5 Qd8 27.Bf4 Rc8 28.Ra5 Rc2
29.Nxe7+ Kh8 30.Qxc2 Qxa5 31.Bg5 Ng4 32.h3 Qxg5 33.hxg4 Qh4+ {#R} 0-1

[Event "It (b)"]
[Site "masterchessopen.com Stockholm (Sweden)"]
[Round "6"]
[White "Sandstrom Ludvig (SWE)"]
[Black "Gamback Bjorn (SWE)"]
[Result "1-0"]
[WhiteElo "2305"]
[BlackElo "2215"]

1.Nf3 c5 2.c4 Nc6 3.d4 cxd4 4.Nxd4 g6 5.e4 Bg7 6.Nc2 d6 7.Be2 Be6 8.O-O Nf6
9.Nc3 O-O 10.Kh1 Rc8 11.Bg5 Qa5 12.Bd2 Qc7 13.Rc1 b6 14.f3 Qb7 15.b3 a6 16.Qe1
Nd7 17.f4 Nf6 18.Qh4 Bd7 19.Bf3 e5 20.f5 h5 21.Nd5 Nxd5 22.exd5 Nd8 23.f6 Bh8
24.Bxh5 b5 25.Qg5 Be8 26.Ne3 bxc4 27.Nf5 Rc7 28.Ne7+ Kh7 29.Qh6# 1-0

[Event "Ch Poland (team) (juniors) (under 20)"]
[Site "masterchessopen.com Rowy (Poland)"]
[Date "1998.08.20"]
[Round "1"]
[White "Blehm Pawel (POL)"]
[Black "Kawala Maciej (POL)"]
[Result "1-0"]
[WhiteElo "2420"]
[BlackElo "1958"]

1.e4 c5 2.Nf3 Nc6 3.d4 cxd4 4.Nxd4 g6 5.c4 Bg7 6.Nc2 Nf6 7.Nc3 d6 8.Be2 O-O
9.O-O Bd7 10.Be3 Qc8 11.f3 Ne5 12.b3 b6 13.Rc1 h5 14.Qd2 Bc6 15.Nd5 Qd7 16.Bg5
Bxd5 17.cxd5 Rac8 18.Ba6 Rc5 19.a4 Ne8 20.Be3 Nc7 21.Be2 Ra5 22.Nd4 Rc8 23.h3
f6 24.f4 Nf7 25.Nc6 {#r} 1-0

[Event "Cup Mitropa"]
[Site "masterchessopen.com Baden (Switzerland)"]
[Round "1"]
[White "Stangl Markus (GER)"]
[Black "Lehner Oliver (AUT)"]
[Result "0-1"]
[WhiteElo "2517"]
[BlackElo "2408"]

1.Nf3 c5 2.c4 Nc6 3.d4 cxd4 4.Nxd4 g6 5.e4 Bg7 6.Nc2 Nf6 7.Nc3 O-O 8.Be2 d6
9.O-O Ne8 10.Bd2 Nc7 11.Kh1 f5 12.exf5 Bxf5 13.Ne3 Bd7 14.f4 Nd4 15.Bd3 Nce6
16.Ncd5 Nc5 17.Bc3 e6 18.Bb1 e5 19.Qd2 Rc8 20.Bd3 Qh4 21.g3 Qd8 22.Rae1 Bc6
23.Bb1 b5 24.b3 bxc4 25.bxc4 Qd7 26.Rf2 Rce8 27.Ref1 exf4 28.Bxd4 fxe3
29.Rxf8+ Bxf8 30.Bxe3 Qe6 31.Re1 Bh6 32.Kg1 Bxd5 {#R} 0-1

[Event "It (open)"]
[Site "masterchessopen.com Baden (Switzerland)"]
[Round "8"]
[White "Cebalo Miso (CRO)"]
[Black "Eidinger Helmut (SUI)"]
[Result "1-0"]
[WhiteElo "2453"]
[BlackElo "2188"]

1.Nf3 c5 2.c4 g6 3.d4 cxd4 4.Nxd4 Bg7 5.e4 Nc6 6.Nc2 d6 7.Be2 Nf6 8.Nc3 O-O
9.O-O b6 10.Bg5 Bb7 11.Qd2 Rc8 12.f3 Qd7 13.Rad1 Ne8 14.b3 Nc7 15.Bh6 Ne6
16.Bxg7 Kxg7 17.f4 Nc5 18.b4 Ne6 19.e5 Rcd8 20.exd6 Qxd6 21.Nd5 Nc7 22.Qc3+
Kg8 23.Nce3 Nxd5 24.Nxd5 e5 25.Bf3 f6 26.c5 bxc5 27.bxc5 Qb8 28.Rb1 Nd4
29.Ne7+ Kh8 30.c6 e4 31.Rxb7 exf3 32.Rxb8 Ne2+ 33.Kf2 Nxc3 34.Rxd8 Rxd8 35.c7
{#r} 1-0

[Event "It (open)"]
[Site "masterchessopen.com Bydgoszcz (Poland)"]
[Round "3"]
[White "Volokitin Andrei (UKR)"]
[Black "Wisniewski Przemyslaw (POL)"]
[Result "1-0"]
[WhiteElo "2307"]
[BlackElo "2176"]

1.e4 c5 2.Nf3 Nc6 3.d4 cxd4 4.Nxd4 g6 5.c4 Bg7 6.Nc2 Nf6 7.Nc3 O-O 8.Be2 d6
9.Be3 Nd7 10.Qd2 a5 11.O-O Nc5 12.f3 b6 13.Rab1 a4 14.Rfc1 Be6 15.Nd5 Re8
16.Bf1 Qb8 17.Na3 Qb7 18.Nb5 Rec8 19.b4 axb3 20.axb3 Kf8 21.b4 Nd7 22.Qf2 Bxd5
23.exd5 Na7 24.Nd4 b5 25.Nb3 bxc4 26.Na5 Qb8 27.b5 Rc5 28.Bxc4 Nc8 29.Nc6 Qc7
30.Bxc5 Nxc5 31.Nb4 Nb6 32.Kh1 Ra4 33.Bf1 Bh6 34.Na6 Rxa6 35.Rxc5 dxc5 36.bxa6
Nxd5 37.Qb2 Bf4 38.Qh8# 1-0

[Event "Moravian League 1999/00 (1st)"]
[Site "masterchessopen.com Czech Republic"]
[Round "4"]
[White "Mlensky Dalibor (CZE)"]
[Black "Zatloukal Petr (CZE)"]
[Result "0-1"]
[WhiteElo "2111"]
[BlackElo "2093"]

1.e4 c5 2.Nf3 Nc6 3.d4 cxd4 4.Nxd4 g6 5.c4 Bg7 6.Nc2 Nf6 7.Nc3 d6 8.Be2 O-O
9.O-O Bd7 10.Rb1 Rc8 11.f4 Na5 12.Ne3 Be6 13.b3 b5 14.Nxb5 Nxe4 15.Bf3 a6
16.Bxe4 axb5 17.f5 Bd7 18.f6 Bxf6 19.Rxf6 exf6 20.Bb2 Be6 21.Qf3 f5 22.Bxf5
Nc6 23.Rd1 Qg5 24.Ng4 Ne5 25.Nxe5 dxe5 26.Bxe6 fxe6 27.Qe2 Rcd8 28.Rxd8 Rxd8
29.cxb5 Rd2 30.Bc1 Rxe2 31.Bxg5 Rxa2 32.Be7 Kf7 33.Bc5 Ra5 34.b4 Rxb5 35.Kf2
{#R} 0-1

[Event "Ch Bayern (b)"]
[Site "masterchessopen.com Fuerth (Germany)"]
[Round "0"]
[White "Prediger Rupert (GER)"]
[Black "Singer Reiner (GER)"]
[Result "1-0"]
[WhiteElo "2255"]
[BlackElo "2166"]

1.e4 c5 2.Nf3 Nc6 3.d4 cxd4 4.Nxd4 g6 5.c4 Bg7 6.Nc2 Nf6 7.Nc3 O-O 8.Be2 d6
9.O-O Be6 10.Be3 Rc8 11.Qd2 a6 12.Rac1 Ng4 13.Bxg4 Bxg4 14.b3 Qa5 15.Nd4 Nxd4
16.Bxd4 Bxd4 17.Qxd4 Qc5 18.Qd2 Qh5 19.Nd5 Rfe8 20.Rfe1 Be6 21.Rc3 Qe5 22.f4
Qg7 23.Rf3 Bxd5 24.exd5 Kh8 25.f5 f6 26.Qe2 gxf5 27.Rxf5 Rg8 28.Rf3 Rc7 29.Rg3
Qh6 30.Rxg8+ Kxg8 31.a4 Qg5 32.a5 Kf8 33.h3 Qh4 34.Rd1 Rc5 35.Qe6 Rxa5 36.Re1
f5 37.Qxf5+ Kg7 38.Qe6 {#r} 1-0

[Event "It (open)"]
[Site "masterchessopen.com Recklinghausen (Germany)"]
[Round "8"]
[White "Bakhmatov Eduard (GER)"]
[Black "Konietzka Lutz (GER)"]
[Result "1-0"]
[WhiteElo "2261"]
[BlackElo "2139"]

1.e4 c5 2.Nf3 Nc6 3.d4 cxd4 4.Nxd4 g6 5.c4 Bg7 6.Nc2 d6 7.Be2 Qb6 8.Nd2 Nf6
9.O-O O-O 10.Kh1 Be6 11.f3 Nd4 12.Nxd4 Qxd4 13.Rb1 Nd7 14.b3 Nc5 15.b4 Nd3
16.Bxd3 Qxd3 17.Rb3 Bc3 18.f4 Qd4 19.Qf3 Bxd2 20.Rd3 Qxc4 21.Bxd2 Qxa2 22.Bc3
Bd7 23.f5 Bb5 24.Ra1 Qc4 25.Re3 f6 26.h4 gxf5 27.Qxf5 Rf7 28.g4 a6 29.Rg1 Qc8
30.Qh5 Qe6 31.g5 Rg7 32.gxf6 Rxg1+ 33.Kxg1 exf6 34.Rg3+ Kh8 35.Qh6 {#r} 1-0

[Event "It (open)"]
[Site "masterchessopen.com Suncoast (Australia)"]
[Round "4"]
[White "Lonborg Morten (DEN)"]
[Black "Laird Craig (AUS)"]
[Result "0-1"]
[WhiteElo "2159"]
[BlackElo "2300"]

1.e4 c5 2.Nf3 Nc6 3.d4 cxd4 4.Nxd4 g6 5.c4 Bg7 6.Nc2 Qa5+ 7.Bd2 Qc7 8.Nc3 Nf6
9.Be2 O-O 10.O-O b6 11.Rc1 Bb7 12.f4 Na5 13.e5 Ne4 14.Nxe4 Bxe4 15.Bb4 Nc6
16.Ba3 f6 17.exf6 Rxf6 18.Bd3 Bxd3 19.Qxd3 Rxf4 20.Rxf4 Qxf4 21.Rf1 Qc7
22.Qd5+ e6 23.Qf3 d6 24.Nb4 Rf8 25.Qe2 Bd4+ 26.Kh1 Rxf1+ 27.Qxf1 Nxb4 28.Bxb4
Bxb2 29.Qd3 d5 30.Qe2 Qe5 31.Qc2 Qf4 32.Qe2 Be5 {#R} 0-1

[Event "Ch Czech Republic (juniors) (under 14)"]
[Site "masterchessopen.com Czech Republic"]
[Round "4"]
[White "Krejci Jan (CZE)"]
[Black "Zeleny Tomas (CZE)"]
[Result "1-0"]
[WhiteElo "1719"]
[BlackElo "2146"]

1.e4 c5 2.Nf3 Nc6 3.d4 cxd4 4.Nxd4 g6 5.c4 Bg7 6.Nc2 Nf6 7.Nc3 O-O 8.Be2 d6
9.O-O b6 10.f3 Bb7 11.Be3 Rc8 12.Qd2 Na5 13.b3 Nd7 14.Bh6 Bxh6 15.Qxh6 Ba6
16.Qd2 Nf6 17.Rfe1 Qc7 18.Rac1 Rfd8 19.Nd5 Nxd5 20.exd5 Nb7 21.Nd4 Nc5 22.Bf1
Re8 23.b4 Nd7 24.Nc6 Nf6 25.Qg5 Kg7 26.f4 Qd7 27.f5 b5 28.fxg6 h6 29.Qg3 Bb7
30.Bd3 Nh5 31.Qf3 e6 32.Qxh5 bxc4 33.gxf7 {#r} 1-0

[Event "Ch Germany (juniors) (under 16) (team)"]
[Site "masterchessopen.com Koerbecke (Germany)"]
[Round "7"]
[White "Schalk Martin (GER)"]
[Black "Kraemer Martin (GER)"]
[Result "0-1"]
[WhiteElo "2094"]
[BlackElo "2054"]

1.e4 c5 2.Nf3 Nc6 3.d4 cxd4 4.Nxd4 g6 5.c4 Bg7 6.Nc2 Nf6 7.Nc3 O-O 8.Be2 d6
9.O-O Nd7 10.Ne3 Nc5 11.f3 Be6 12.Ncd5 a5 13.Rb1 f5 14.exf5 gxf5 15.b3 f4
16.Nc2 Be5 17.Bb2 Bf5 18.Bxe5 dxe5 19.Nc3 Nd4 20.Rc1 Nxc2 21.Rxc2 Qxd1 22.Bxd1
Bxc2 23.Bxc2 Rad8 24.Rf2 Kh8 25.Re2 Nd3 26.Kf1 Rg8 27.Bb1 e6 28.Kg1 Rg7 29.Ne4
Nb4 30.Nc3 Nc6 31.Ne4 Rd1+ {#R} 0-1

[Event "It (cat.4) \"]
[Site "masterchessopen.com Olomouc (Czech Republic)"]
[Round "7"]
[White "Nyback Tomi (FIN)"]
[Black "Chytilek Roman (CZE)"]
[Result "1-0"]
[WhiteElo "2162"]
[BlackElo "2344"]

1.Nf3 c5 2.c4 Nc6 3.d4 cxd4 4.Nxd4 g6 5.e4 Bg7 6.Nc2 d6 7.Be2 Qb6 8.Nc3 Bxc3+
9.bxc3 Nf6 10.f3 Qa5 11.Bd2 Qa4 12.Bg5 Nd7 13.Qd2 Nde5 14.Ne3 f6 15.Bf4 Be6
16.Rb1 O-O-O 17.Qb2 Rd7 18.Qb3 Qa5 19.Bg3 Rc7 20.O-O Qa6 21.c5 Bxb3 22.Bxa6
Bxa2 23.Ra1 dxc5 24.Bb5 Bf7 25.f4 Nd7 26.Nd5 a6 27.Bxc6 bxc6 28.Nxc7 Kxc7
29.Rxa6 Rb8 30.f5+ Ne5 31.Ra7+ Rb7 32.Bxe5+ fxe5 33.Rxb7+ Kxb7 34.f6 e6
35.Rb1+ Kc7 36.Ra1 Kb7 37.Ra5 {#r} 1-0

[Event "Ch World (seniors)"]
[Site "masterchessopen.com Rowy (Poland)"]
[Round "7"]
[White "Baumgartner Heinz (AUT)"]
[Black "Zhukov Vladimir (RUS)"]
[Result "1-0"]
[WhiteElo "2352"]
[BlackElo "2302"]

1.Nf3 g6 2.e4 c5 3.c4 Nc6 4.d4 cxd4 5.Nxd4 Bg7 6.Nc2 Nf6 7.Nc3 d6 8.Be2 O-O
9.O-O Bd7 10.Be3 Ne5 11.f3 a6 12.Rc1 Rc8 13.Na3 Bc6 14.Qd2 Re8 15.h3 Ned7
16.Rfd1 Qa5 17.Nc2 Nf8 18.b4 Qc7 19.Nd4 Bd7 20.Nb3 Qb8 21.Bd3 Be6 22.Qe2 Nh5
23.Nd5 Nd7 24.Qf2 Ne5 25.Be2 Bxd5 26.exd5 f5 27.f4 Nd7 28.Bxh5 gxh5 29.Bd4
Bxd4 30.Nxd4 e5 31.dxe6 Rxe6 32.Qf3 Nf6 33.Qg3+ Kf7 34.Qg5 Rg8 35.Qxf5 Qc8
36.Qc2 Qe8 37.Rd2 Re1+ 38.Kh2 Rxc1 39.Qxc1 Qe4 {#r} 1-0

[Event "It (open)"]
[Site "masterchessopen.com Saint Paul (USA)"]
[Round "6"]
[White "Buchholz Robert (GER)"]
[Black "Hanken Jerome B (USA)"]
[Result "0-1"]
[WhiteElo "2016"]
[BlackElo "2120"]

1.Nf3 g6 2.c4 Bg7 3.d4 c5 4.e4 cxd4 5.Nxd4 Nc6 6.Nc2 e6 7.Nc3 Nge7 8.Be2 O-O
9.O-O f5 10.f3 a6 11.Be3 fxe4 12.fxe4 Rxf1+ 13.Bxf1 Qc7 14.Qd2 Ne5 15.b3 Ng4
16.g3 Nxe3 17.Nxe3 b5 18.Rd1 b4 19.Ne2 Qc5 20.Kh1 Nc6 21.Nc2 a5 22.Ncd4 Bb7
23.Bg2 Rf8 24.Nf3 Ne5 25.Nxe5 Qxe5 26.Qd4 Qxd4 27.Nxd4 Rf2 28.Nb5 Bc6 29.Na7
Rxa2 30.Nxc6 dxc6 31.Bh3 Bf8 32.Bxe6+ Kg7 33.Rf1 Bc5 34.Bd7 a4 35.Bxc6 a3
36.e5 Re2 37.Rb1 Bd4 38.Bf3 a2 {#R} 0-1

[Event "Staatsliga B Mittel 2001/02"]
[Site "masterchessopen.com Austria"]
[Round "2"]
[White "Dobos Jozsef (HUN)"]
[Black "Juergens Klaus (GER)"]
[Result "1-0"]
[WhiteElo "2288"]
[BlackElo "2189"]

1.c4 g6 2.e4 c5 3.Nf3 Bg7 4.d4 cxd4 5.Nxd4 Nc6 6.Nc2 Nf6 7.Nc3 O-O 8.Be2 d6
9.O-O Nd7 10.Qe1 Nc5 11.f3 Ne5 12.Qd2 a5 13.b3 Be6 14.Rb1 a4 15.Kh1 axb3
16.axb3 Nc6 17.b4 Na4 18.Nxa4 Rxa4 19.Bb2 Bxb2 20.Rxb2 Qb6 21.f4 f6 22.f5 Bf7
23.Qh6 Ne5 24.Rb3 Be8 25.Rh3 Rf7 26.fxg6 Nxg6 27.Bd3 Rg7 28.Ne3 Nf8 29.Nf5 Rg6
30.Nxe7+ Kf7 31.Nxg6 hxg6 32.Rhf3 {#r} 1-0

[Event "Ch Yugoslavia (team) (1 liga)"]
[Site "masterchessopen.com Herceg Novi (Montenegro)"]
[Round "5"]
[White "Perunovic Milos (SRB)"]
[Black "Mozetic Dejan (SRB)"]
[Result "1-0"]
[WhiteElo "2462"]
[BlackElo "2471"]

1.e4 c5 2.Nf3 Nc6 3.d4 cxd4 4.Nxd4 g6 5.c4 Bg7 6.Nc2 Nf6 7.Nc3 d6 8.Be2 Nd7
9.Bd2 a5 10.O-O O-O 11.Qc1 Nc5 12.Bh6 a4 13.Bxg7 Kxg7 14.Na3 Qa5 15.Nab5 Be6
16.Qe3 Na7 17.f4 Nxb5 18.Nxb5 Bd7 19.Nc3 Bc6 20.Kh1 Nd7 21.Rad1 Qc5 22.Qd3
Rfe8 23.Rf3 Qb6 24.Qd2 Kg8 25.Rh3 Qc5 26.Rf1 Nf8 27.f5 Qe5 28.c5 Qxc5 29.Qh6
Qd4 30.e5 Qxe5 31.Bc4 d5 32.Nxd5 Qxb2 33.f6 exf6 34.Nxf6+ Kh8 35.Qxh7+ {#r}
1-0

[Event "Cup Rector (cat.13)"]
[Site "masterchessopen.com Kharkov (Ukraine)"]
[Round "6"]
[White "Eljanov Pavel (UKR)"]
[Black "Zubarev Alexander (UKR)"]
[Result "1-0"]
[WhiteElo "2522"]
[BlackElo "2455"]

1.Nf3 c5 2.c4 g6 3.d4 cxd4 4.Nxd4 Bg7 5.e4 Nc6 6.Nc2 Qb6 7.Nc3 Bxc3+ 8.bxc3
Nf6 9.Bd3 d6 10.Ne3 O-O 11.O-O Ne5 12.Nd5 Nxd5 13.cxd5 Qa5 14.Be2 Qxc3 15.Rb1
Qc7 16.f4 Nd7 17.Bb2 f6 18.Qd2 Nc5 19.Qe3 e5 20.dxe6 Bxe6 21.f5 gxf5 22.exf5
Bxa2 23.Ra1 Bd5 24.Qd4 Qc6 25.Ra3 Nd7 26.Rd1 Rae8 27.Bh5 Re5 28.Qd2 Rxf5
29.Rg3+ Kh8 30.Qh6 Rg8 31.Bg6 Rg7 32.Bxf5 Qb6+ 33.Bd4 {#r} 1-0

[Event "It (open)"]
[Site "masterchessopen.com Mislata (Spain)"]
[Round "7"]
[White "Alonso Moyano Jonathan (ESP)"]
[Black "Sanchez Guirado Francisco (ESP)"]
[Result "0-1"]
[WhiteElo "2290"]
[BlackElo "2399"]

1.e4 c5 2.Nf3 g6 3.d4 cxd4 4.Nxd4 Bg7 5.c4 Nc6 6.Nc2 d6 7.Nc3 Bxc3+ 8.bxc3 Qa5
9.Qd2 Nf6 10.Bd3 Be6 11.Ne3 Ne5 12.Rb1 Nfd7 13.f4 Nxd3+ 14.Qxd3 f6 15.Qd4 Nc5
16.O-O Qxa2 17.Rb2 Qa6 18.e5 O-O-O 19.exf6 exf6 20.Rff2 Qc6 21.f5 gxf5 22.Nxf5
Bxf5 23.Rxf5 Rhe8 24.Qg4 Qd7 25.Rbf2 Re5 26.Qh3 Rde8 27.Bh6 Rxf5 28.Rxf5 Re1+
29.Kf2 Re5 30.Rxe5 dxe5 31.Qf3 f5 32.g4 f4 33.Qd5 Qxd5 34.cxd5 a5 35.c4 a4
36.Bg7 a3 {#R} 0-1

[Event "Ch Europe"]
[Site "masterchessopen.com Ohrid (Macedonia)"]
[Round "13"]
[White "Pigusov Evgeny (RUS)"]
[Black "Reinderman Dimitri (NED)"]
[Result "1-0"]
[WhiteElo "2613"]
[BlackElo "2537"]

1.Nf3 c5 2.c4 g6 3.d4 cxd4 4.Nxd4 Bg7 5.e4 Nc6 6.Nc2 d6 7.Be2 Nf6 8.Nc3 O-O
9.O-O Nd7 10.Bd2 Nc5 11.b4 Ne6 12.Rc1 a5 13.a3 axb4 14.axb4 Ned4 15.Nxd4 Nxd4
16.Be3 Nc6 17.Nd5 Ra2 18.c5 dxc5 19.Bxc5 Be6 20.Bb5 Bxd5 21.exd5 Ne5 22.d6
exd6 23.Bxd6 Rb2 24.Bxf8 Qxf8 25.Qd5 Rxb4 26.Rfe1 Qb8 27.Bd7 Nxd7 28.Qxd7 Bf8
29.Rc7 Rf4 30.Rc8 Rd4 31.Rxf8+ {#r} 1-0

[Event "It (open)"]
[Site "masterchessopen.com Saint-Quentin (France)"]
[Round "7"]
[White "Valuet Bertrand (FRA)"]
[Black "Leroy Didier (FRA)"]
[Result "0-1"]
[WhiteElo "2271"]
[BlackElo "2369"]

1.e4 c5 2.Nf3 Nc6 3.d4 cxd4 4.Nxd4 g6 5.c4 Bg7 6.Nc2 Nf6 7.Nc3 O-O 8.Be2 d6
9.O-O Nd7 10.Bd2 a5 11.Rb1 Nc5 12.f3 f5 13.Ne3 f4 14.Ned5 g5 15.Na4 e6 16.Ndc3
Nd4 17.Be1 Bd7 18.Bd3 Bc6 19.Bf2 Qe8 20.Nb5 Nxd3 21.Bxd4 Bxb5 22.Bxg7 Bxa4
23.b3 Kxg7 24.bxa4 Nc5 25.Qxd6 Rc8 26.Rb5 Qd8 27.Qe5+ Kf7 28.Rfb1 Qe7 29.h4 h6
30.Rxa5 Qc7 31.Qc3 Rfd8 32.Rab5 Qd6 33.Kh1 Rd7 34.Qa5 gxh4 35.Kh2 h3 36.Kxh3
Qe7 37.e5 Qg5 38.g4 Qxe5 39.Re1 Qd4 {#R} 0-1

[Event "Ch Europe (seniors)"]
[Site "masterchessopen.com Saint Vincent (Italy)"]
[Round "5"]
[White "Dotan Valeria (ISR)"]
[Black "Hocevar Nikola (SLO)"]
[Result "1-0"]
[WhiteElo "2031"]
[BlackElo "2169"]

1.Nf3 c5 2.c4 Nc6 3.d4 cxd4 4.Nxd4 g6 5.e4 Bg7 6.Nc2 d6 7.Be2 Nf6 8.Nc3 b6
9.O-O Bb7 10.Be3 Rc8 11.f3 O-O 12.Qd2 Re8 13.Rac1 Qd7 14.Rfd1 Red8 15.Bf1 Ne8
16.b3 Ne5 17.Nd4 e6 18.Bg5 f6 19.Be3 Qe7 20.Qf2 Kh8 21.Ndb5 Bc6 22.Rc2 Rd7
23.Rcd2 Bf8 24.Be2 Bxb5 25.Nxb5 Nc6 26.c5 bxc5 27.Bxc5 Qd8 28.Nxa7 Qa5 29.Nxc8
{#r} 1-0

[Event "Ch Russia (club)"]
[Site "masterchessopen.com Tomsk (Russia)"]
[Round "1"]
[White "Vekshenkov Nikolai (RUS)"]
[Black "Vokarev Sergey (RUS)"]
[Result "0-1"]
[WhiteElo "2454"]
[BlackElo "2505"]

1.e4 c5 2.Nf3 Nc6 3.d4 cxd4 4.Nxd4 g6 5.c4 Bg7 6.Nc2 Nf6 7.Nc3 d6 8.Be2 Nd7
9.Bd2 O-O 10.O-O a5 11.Re1 a4 12.Rb1 Nc5 13.b4 axb3 14.axb3 f5 15.exf5 Bxf5
16.Bg4 Bd3 17.Re3 Nd4 18.Rxd3 Nxd3 19.Nxd4 Nxf2 20.Be6+ Kh8 21.Qc2 Bxd4 22.Ne2
Be5 23.Be3 Rf6 24.Nd4 Qb6 25.Nf5 Qa5 26.Nd4 Bxh2+ {#R} 0-1

[Event "It (open)"]
[Site "masterchessopen.com Arco (Italy)"]
[Round "9"]
[White "Lommers Frank (NED)"]
[Black "Bartonicek Zdenek (CZE)"]
[Result "1-0"]
[WhiteElo "2212"]
[BlackElo "2109"]

1.e4 c5 2.Nf3 Nc6 3.d4 cxd4 4.Nxd4 g6 5.c4 Bg7 6.Nc2 Nf6 7.Nc3 d6 8.Be2 O-O
9.O-O Be6 10.Bd2 a5 11.Kh1 Nd7 12.Rc1 Nc5 13.f3 Qb6 14.b3 a4 15.b4 Nd7 16.f4
Nf6 17.Nd5 Bxd5 18.cxd5 Nb8 19.Be3 Qd8 20.Bf3 Nbd7 21.Qd3 Qb8 22.Qb5 Rc8 23.g4
Nf8 24.g5 Ne8 25.Bg4 Rc3 26.Bd2 Rc7 27.Ne3 Bb2 28.Rxc7 Nxc7 29.Qd3 b5 30.Bc3
Bxc3 31.Qxc3 Qb6 32.Bh3 e5 33.fxe5 dxe5 34.Ng4 Qd6 {#r} 1-0

[Event "It (open)"]
[Site "masterchessopen.com Bergen (Norway)"]
[Round "7"]
[White "Zieher Hartmut (GER)"]
[Black "Stokke Kjetil (NOR)"]
[Result "1-0"]
[WhiteElo "2200"]
[BlackElo "2136"]

1.e4 c5 2.Nf3 g6 3.d4 cxd4 4.Nxd4 Bg7 5.c4 Nc6 6.Nc2 Nf6 7.Nc3 O-O 8.Be2 d6
9.Be3 Nd7 10.Qd2 Nc5 11.f3 a5 12.O-O f5 13.exf5 gxf5 14.Rad1 Be6 15.Kh1 Rf6
16.Nd5 Rf7 17.b3 Be5 18.f4 Bg7 19.Bh5 Rf8 20.Bxc5 dxc5 21.Qe3 Bxd5 22.Rxd5 Qb6
23.Qe6+ Kh8 24.Rxf5 Rxf5 25.Qxf5 Nd4 26.Nxd4 cxd4 27.Bd1 Rf8 28.Qe4 Bf6 29.Bc2
Rf7 30.Rf3 Qc6 31.Qf5 Kg8 32.Be4 Qd6 33.Rg3+ Rg7 34.Bd5+ e6 35.Bxe6+ Kh8
36.Qxf6 Qe7 37.Qxe7 Rxe7 38.Rg8# 1-0

[Event "Tournament (Elo)"]
[Site "masterchessopen.com Budapest (Hungary)"]
[Round "3"]
[White "Szalai Kornel (HUN)"]
[Black "Adam Gyorgy (HUN)"]
[Result "1-0"]
[WhiteElo "2210"]
[BlackElo "2128"]

1.e4 c5 2.Nf3 Nc6 3.d4 cxd4 4.Nxd4 g6 5.c4 Bg7 6.Nc2 d6 7.Be2 f5 8.exf5 Bxf5
9.Ne3 Nh6 10.Nc3 Bxc3+ 11.bxc3 Be6 12.O-O Nf5 13.Qb3 Nxe3 14.Bxe3 Qc7 15.Rab1
Rb8 16.Qa4 b6 17.c5 dxc5 18.Bf4 Qd7 19.Bxb8 Nxb8 20.Bb5 {#r} 1-0

[Event "Ch Germany (juniors) (under 16) (team)"]
[Site "masterchessopen.com Burg Stargard (Germany)"]
[Round "7"]
[White "Baldauf Manuel (GER)"]
[Black "Becker Nils (GER)"]
[Result "0-1"]
[WhiteElo "1846"]
[BlackElo "2145"]

1.e4 c5 2.Nf3 Nc6 3.d4 cxd4 4.Nxd4 g6 5.c4 Bg7 6.Nc2 Nf6 7.Nc3 O-O 8.Be2 d6
9.Be3 Be6 10.f3 Na5 11.b3 a6 12.O-O Ng4 13.Bd4 Bxd4+ 14.Qxd4 Nc6 15.Qd2 Qb6+
16.Kh1 Nf2+ 17.Rxf2 Qxf2 18.Nd5 Bxd5 19.exd5 Ne5 20.f4 Ng4 {#R} 0-1

[Event "Ch Germany (juniors) (under 16) (team)"]
[Site "masterchessopen.com Burg Stargard (Germany)"]
[Round "6"]
[White "Beck Frederik (GER)"]
[Black "Kraemer Martin (GER)"]
[Result "0-1"]
[WhiteElo "2095"]
[BlackElo "2173"]

1.e4 c5 2.Nf3 Nc6 3.d4 cxd4 4.Nxd4 g6 5.c4 Bg7 6.Nc2 Nh6 7.Be2 d6 8.O-O O-O
9.Nc3 f5 10.exf5 Nxf5 11.Ne3 Nfd4 12.Bg4 Ne5 13.Bxc8 Rxc8 14.Qa4 e6 15.f4 Nd3
16.Qxa7 Nc5 17.Qa3 Ra8 18.Qb4 Nc6 19.Qb5 Ra5 20.Qxa5 Qxa5 21.Bd2 Qb6 22.Kh1
Qxb2 {#R} 0-1

[Event "Ch Russia (juniors) (under 10)"]
[Site "masterchessopen.com Dagomys (Russia)"]
[Round "4"]
[White "Bazeev German (RUS)"]
[Black "Novikov Sergey (RUS)"]
[Result "0-1"]
[WhiteElo "2291"]
[BlackElo "2231"]

1.e4 c5 2.Nf3 Nc6 3.d4 cxd4 4.Nxd4 g6 5.c4 Bg7 6.Nc2 d6 7.Be2 e6 8.O-O Nge7
9.Nc3 O-O 10.Be3 f5 11.Nb5 fxe4 12.Nxd6 Bxb2 13.Rb1 Be5 14.Nxe4 Qc7 15.h3 Bg7
16.Qd6 Qa5 17.Qa3 Qc7 18.Rfd1 b6 19.Bf3 Rb8 20.c5 Nd5 21.cxb6 axb6 22.Rbc1 Ne5
23.Be2 Qf7 24.Nd4 Bd7 25.Bc4 Ra8 26.Qb2 Nxc4 27.Rxc4 Nxe3 28.fxe3 e5 29.Nd6
Qe7 30.Nc6 Qg5 {#R} 0-1

[Event "Ch Germany (juniors) (team)"]
[Site "masterchessopen.com Essen (Germany)"]
[Round "4"]
[White "Nuesken Nikolas (GER)"]
[Black "Holzschuh Stephan (GER)"]
[Result "1-0"]
[WhiteElo "2318"]
[BlackElo "2107"]

1.e4 c5 2.Nf3 Nc6 3.d4 cxd4 4.Nxd4 g6 5.c4 Bg7 6.Nc2 Nf6 7.Nc3 O-O 8.Be2 d6
9.O-O Bd7 10.Rb1 a5 11.b3 Rc8 12.f3 Be6 13.Bg5 h6 14.Be3 Kh7 15.Qd2 Nd7 16.Nd5
Nc5 17.Rfd1 Ne5 18.Bf1 b6 19.Qf2 Bxd5 20.exd5 Qc7 21.Nd4 h5 22.Qd2 Rfd8 23.Be2
Qd7 24.h3 f5 25.a3 Bf6 26.Rdc1 e6 27.b4 exd5 28.bxc5 dxc5 29.Nb5 d4 30.Bf4 Qe6
31.Bd3 Nf7 32.Nc7 Qc6 33.Nd5 Be5 34.Rxb6 Qa4 35.Rb7 Bxf4 36.Qxf4 Rf8 37.Bxf5
Qxa3 38.Bxc8 {#r} 1-0

[Event "It (open)"]
[Site "masterchessopen.com Hungen (Germany)"]
[Round "0"]
[White "Schloessner Henrik (GER)"]
[Black "Weber Rolf (GER)"]
[Result "0-1"]
[WhiteElo "2110"]
[BlackElo "2148"]

1.e4 c5 2.Nf3 Nc6 3.d4 cxd4 4.Nxd4 g6 5.c4 Bg7 6.Nc2 d6 7.Be2 Nf6 8.Nc3 O-O
9.O-O Bd7 10.Be3 Qc8 11.b3 Ng4 12.Bd2 f5 13.Bxg4 fxg4 14.Ne3 Ne5 15.Ned5 Rf7
16.Rc1 Qf8 17.Nb5 Nd3 18.Rc2 Nxf2 19.Qe2 Nxe4 20.Rxf7 Qxf7 21.Qxe4 Be5 22.Nd4
Rf8 23.Nxe7+ Qxe7 24.Qd5+ Kh8 25.Bc3 Qf6 {#R} 0-1

[Event "Ch Peru (regional)"]
[Site "masterchessopen.com Lima (Peru)"]
[Round "4"]
[White "Ledesma Otoniel (PER)"]
[Black "Monteza Prieto Martin (PER)"]
[Result "1-0"]
[WhiteElo "2212"]
[BlackElo "2180"]

1.e4 c5 2.Nf3 Nc6 3.c4 g6 4.d4 cxd4 5.Nxd4 Bg7 6.Nc2 Nf6 7.Nc3 d6 8.Be2 Be6
9.O-O O-O 10.Be3 Ne5 11.b3 Nc6 12.h3 Nd7 13.Nd4 Qa5 14.Qd2 Nxd4 15.Bxd4 Bxd4
16.Qxd4 Qb6 17.Qd2 Ne5 18.Kh1 Nc6 19.Rad1 f6 20.f4 Bf7 21.Nd5 Qd8 22.Qb2 e5
23.fxe5 Bxd5 24.Rxd5 fxe5 25.c5 Rxf1+ 26.Bxf1 Qf8 27.Bc4 b5 28.Bxb5 Nd4 29.Bc4
Kh8 30.cxd6 Qf4 31.Rxd4 {#r} 1-0